Tous les joueurs de Chelsea ayant participé à la Conférence League - Statistiques

Statistiques générales
  • Ce quiz a été pris 37 fois
  • Le résultat moyen est 22 sur 37
Statistiques - réponses
minutes jouées nombres de matchs joueurs % Correct
404 8 Cole Palmer
100%
440 8 Enzo Fernandez
96%
283 6 Malo Gusto
93%
371 6 Moises Caicedo
93%
90 1 Robert Sanchez
93%
412 7 Reece James
89%
563 9 Marc Cucurella
85%
708 8 Axel Disasi
81%
1097 13 Benoit Badiashile
81%
1260 14 Filip Jorgensen
78%
199 4 Nicolas Jackson
78%
410 9 Marc Guiu
74%
403 7 Pedro Neto
74%
797 13 Tyrique George
70%
784 11 Christopher Nkunku
67%
523 6 Mykhailo Mudryk
67%
357 7 Noni Madueke
67%
537 8 Jadon Sancho
63%
345 5 Joao Felix
63%
120 3 Levi Colwill
59%
336 5 Trevoh Chalobah
59%
1036 12 Tosin Adarabioyo
56%
586 7 Josh Acheampong
52%
1205 15 Kiernan Dewsbury-Hall
52%
761 8 Renato Veiga
52%
7 1 Romeo Lavia
48%
119 4 Carney Chukwuemeka
41%
16 1 Mathis Amougou
41%
120 4 Shumaira Mheuka
37%
350 5 Cesare Casadei
33%
108 4 Samuel Rak-Sakyi
33%
5 1 Kiano Dyer
30%
93 2 Reggie Walsh
30%
45 1 Ato Ampah
26%
69 2 Harvey Vale
22%
32 1 Harrison Murray-Campbell
15%
22 2 Genesis Antis
0%
Aucun quiz correspondant
Distribution des résultats
% des personnes avec chaque résultat
Percentile par nombre de réponses
Votre historique - résultats
Vous n’avez pas pris ce quiz